| 000 | 01019cam a22002295a 4500 | ||
|---|---|---|---|
| 001 | L149630 | ||
| 008 | 100329s2010 xxk f 000 0 eng d | ||
| 035 | _a(Sirsi) u149630 | ||
| 041 | 0 | _aeng | |
| 050 | 0 | 4 | _a338.4569 $2 18 |
| 110 | 2 |
_aConstruction Industry Council _92417 |
|
| 245 | 0 | 4 |
_aThe impact of the recession on construction professionals _ba view from the front line _h[electronic resource] |
| 260 |
_aLondon _bCIC _c2010 |
||
| 520 | _aResearch compiled during the second half of 2009; quantitative and qualitative analysis of the impact of the recession on the current and future size and nature of the workforce and skills requirements; firms' responses to the recession; emerging new skill requirements. | ||
| 590 | _aKA | ||
| 590 | _aNTK | ||
| 651 | 4 |
_aUnited Kingdom _y |
|
| 690 | _aBUILT ENVIRONMENT | ||
| 710 | 1 |
_aConstructionSkills _95077 |
|
| 856 | 4 | 8 |
_uhttps://www.cic.org.uk/newsevents/ImpactRecessionProfessionals-FrontLine.pdf _z View this item free of charge at www.cic.org.uk |
| 942 | _n0 | ||
| 999 |
_c110567 _d110567 |
||